| 000 | 00794nam a22001577a 4500 | ||
|---|---|---|---|
| 003 | OSt | ||
| 005 | 20151008155148.0 | ||
| 008 | 151008b xxu||||| |||| 00| 0 eng d | ||
| 040 | _cRUA | ||
| 082 | _aAVM CHH 2007 B080 Or.1 | ||
| 100 |
_92380 _aCHHAN, SAMBATH. |
||
| 245 | _aExamimation of gastointestinal parasit's egg of household goat raising in samtaong tong district, kampong speu province, ការពិនិត្យវត្តមានស៊ុតរបស់បរាសិតក្រពះ ពោះវៀនពពែដែលចិញ្ចឹមជាលក្ខណៈគ្រួសារក្នុងស្រុកសំរោងទង ខេត្តកំពង់ស្ពឺ | ||
| 260 |
_aPhnom Penh _bRUA _c2007 |
||
| 300 |
_avii; 43p. _bill. _c29cm. |
||
| 942 |
_2ddc _cAVM |
||
| 999 |
_c2242 _d2242 |
||